000 00856nmm a2200265 a 4500
001 ocm000702452
003 TR-IsHL
005 20201028123641.0
008 130902s2010 tu tur
007 cr cn
035 _a702452
_b(N$T)
050 0 4 _aPL248.E77
_bM44 2010
090 0 4 _aPL248.E77
_bM44 2010
100 1 _aErsoy, Mehmet Akif
245 1 0 _aMehmet Akif Ersoy'dan seçmeler
_h[electronic resource] /
_cMehmet Akif Ersoy ; ed. Osman Avcıoğlu
260 _aİstanbul :
_bBirleşik Yayınları,
_c2010
300 _a63 p.
650 4 _aDil ve Edebiyat
650 4 _aLanguage and Literature
650 0 _aTürk şiiri
650 0 _aTurkish poetry
650 7 _aPOETRY / Middle Eastern
_2bisacsh
700 1 _aAvcıoğlu, Osman
856 4 0 _uhttp://search.ebscohost.com/login.aspx?direct=true&scope=site&db=e011xww&AN=702452
999 _c2523
_d2523